00435nam a2200157Ia 4500003000400000005001700004008004100021020001800062040000900080082002300089100002000112245006400132250001200196260006000208300000900268OSt20200811122105.0190216s9999||||xx |||||||||||||| ||und|| a9789381335079 coclc a519.5024658bKHA/S aKhandelwal, S K 0aStatistics For Managerial Decision Making /cS K Khandelwal a2nd Ed. bInernational Book House Private Ltd,c2012.aNew Delhi: a871p